| 000 | 00630nam a2200181Ia 4500 | ||
|---|---|---|---|
| 005 | 20250508153741.0 | ||
| 008 | 008 250505s9999 xx 000 0 eng d | ||
| 037 | _aBooks to be hide in OPAC | ||
| 040 |
_aFEDL _beng _cFEDL |
||
| 041 |
_aeng _2eng |
||
| 084 |
_a371.1609429, GRE/O _qFEDL |
||
| 245 | 0 | _aReport of the committee on scales of salaries for the teaching staff of training colleges: England and Wales 1954 | |
| 245 | 0 | _cMinistry of Education | |
| 260 |
_aLondon, UK _bHer Majesty's Stationery Office _c1954 |
||
| 300 | _aiv,12p. | ||
| 942 |
_cHB _h371.1609429, GRE/O |
||
| 999 |
_c1345214 _d1345214 |
||